000 00697nam a2200289Ia 4500
005 20260324131939.0
008 008 260324s9999 xx 000 0 eng d
020 _a9780429235832
037 _aEBOOK
040 _aCRL
040 _beng
040 _cCRL
041 _2eng
041 _aeng
084 _qCRL
100 _aEric Laws; Bruce Richard Prideaux
_91187453
245 0 _aTourism Crises
245 0 _bManagement Responses and Theoretical Insight
260 _bTaylor and Francis
260 _c2005
365 _a
365 _b230
856 _uhttp://www.taylorfrancis.com/books/9780429235832
942 _cEBOOK
999 _c1785066
_d1785066